Economía ecológica y política ambiental (Registro nro. 73492)
[ vista simple ]
| 000 -ENCABEZADO | |
|---|---|
| Número de control [NR] | 01139nam a2200313Ia 4500 |
| 005 - FECHA Y HORA DE LA ÚLTIMA TRANSACCIÓN | |
| control field | 20180312143024.0 |
| 008 - DE LONGITUD FIJA DE DATOS DE ELEMENTOS - INFORMACIÓN GENERAL | |
| Elementos de longitud fija [NR] | 130821s2001 mx a gr spa |
| 020 ## - NUMERO INTERNACIONAL NORMALIZADO PARA LIBROS [R] | |
| ISBN Cancelado/ Invalidado [R] | 9681664124 |
| 020 ## - NUMERO INTERNACIONAL NORMALIZADO PARA LIBROS [R] | |
| Número Internacional Normalizado del libro [NR] | 9789681664121 (2a.Ed.) |
| 020 ## - NUMERO INTERNACIONAL NORMALIZADO PARA LIBROS [R] | |
| Número Internacional Normalizado del libro [NR] | 9786071615206 (3a.Ed.) |
| 040 ## - FUENTE DE CATALOGACION [NR] | |
| Agencia de catalogación original [NR] | Co-BoUCM |
| Idioma de catalogación [NR] | spa |
| Quien Cataloga | Saul Niño (Modificó) |
| Quien Clasifica | [Nuevo] |
| 041 00 - CODIGO DE IDIOMA [R] | |
| Código de idioma para texto/pista de sonido o título separado [R] | Español |
| 100 1# - ASIENTO PRINCIPAL--NOMBRE PERSONAL [NR] | |
| Nombre personal [NR] | Martínez, Joan |
| ID Autoridad | 85991 |
| 245 10 - MENCION DE TITULO [NR] | |
| Título [NR] | Economía ecológica y política ambiental |
| Mención de responsabilidad, etc. [NR] | Joan Martínez y Jordi Jusmet |
| 250 ## - MENCION DE EDICION [NR] | |
| Mención de edición [NR] | 3a Ed |
| 260 ## - PUBLICACION, DISTRIBUCION, ETC. (PIE DE IMPRENTA) [R] | |
| Lugar de publicación, distribución, etc. [R] | México D.F. (México) |
| Nombre del editor, distribuidor, etc. [R] | Fondo de Cultura Económica |
| Fecha de publicación, distribución, etc. [R] | 2013 |
| 300 ## - DESCRIPCION FISICA [R] | |
| Extensión [R] | 641 páginas |
| Otros detalles físicos [NR] | tablas |
| 490 0# - MENCION DE SERIE [R] | |
| Mención de serie [R] | Colección Economía |
| 490 0# - MENCION DE SERIE [R] | |
| Mención de serie [R] | Sección de obras de economía |
| 650 04 - ASIENTO SECUNDARIO DE MATERIA - TERMINO TEMATICO [R] | |
| Término temático o nombre geográfico como elemento de entrada [NR] | Desarrollo económico |
| Subdivisión general [R] | Aspectos ambientales |
| 9 (RLIN) | 47191 |
| 650 04 - ASIENTO SECUNDARIO DE MATERIA - TERMINO TEMATICO [R] | |
| Término temático o nombre geográfico como elemento de entrada [NR] | Ecología |
| Subdivisión general [R] | Aspectos económicos |
| 9 (RLIN) | 13631 |
| 650 04 - ASIENTO SECUNDARIO DE MATERIA - TERMINO TEMATICO [R] | |
| Término temático o nombre geográfico como elemento de entrada [NR] | Medio ambiente |
| 9 (RLIN) | 19225 |
| 650 04 - ASIENTO SECUNDARIO DE MATERIA - TERMINO TEMATICO [R] | |
| Término temático o nombre geográfico como elemento de entrada [NR] | Medio ambiente |
| Subdivisión general [R] | Aspectos económicos |
| 9 (RLIN) | 37069 |
| 650 04 - ASIENTO SECUNDARIO DE MATERIA - TERMINO TEMATICO [R] | |
| Término temático o nombre geográfico como elemento de entrada [NR] | Política ambiental |
| 9 (RLIN) | 21917 |
| 650 04 - ASIENTO SECUNDARIO DE MATERIA - TERMINO TEMATICO [R] | |
| Término temático o nombre geográfico como elemento de entrada [NR] | Recursos naturales |
| Subdivisión general [R] | Aspectos económicos |
| 9 (RLIN) | 71379 |
| 700 1# - ASIENTO SECUNDARIO - NOMBRE PERSONAL [R] | |
| Nombre personal [NR] | Jusmet, Jordi |
| 9 (RLIN) | 85992 |
| 942 ## - ELEMENTOS DE ENTRADA AGREGADOS (KOHA) | |
| Tipo de ítem principal el descrito en 300a | Libro de reserva |
| Sistema de clasificación | DEWEY |
| Tema principal | Economía |
| Edición | 3 |
| Clasificación | 333.7 |
| Parte restante de la signatura top. | M385e |
| Título oculto en OPAC | No |
| Fecha de último préstamo | Total préstamos | Total Renewals | Signatura topográfica | Código de barras | Última vez visto | Volúmen / Fascículo | Ejemplar | Price effective from | Tipo de ítem | Nota pública (OPAC) | Perdido | Sistema de clasificación | Dañado | No prestable | Tipo de ítem específico | Suprimido | Ubicación habitual | Ubicación actual | Localización | Fecha de creación | Forma de adquisición | Costo | Costo de reposición | Proveedor |
|---|---|---|---|---|---|---|---|---|---|---|---|---|---|---|---|---|---|---|---|---|---|---|---|---|
| 11/08/2023 | 4 | 1 | 333.7 M385e | 100114526 | 12/12/2025 | 2a Ed. | Ej.1 | 03/02/2013 | Libro | Spot Ciencias Naturales | DEWEY | Libro | Quinta de Mutis | Quinta de Mutis | 3er piso | 28/02/2013 | Compra | 76000.00 | ||||||
| 07/11/2025 | 4 | 4 | 333.7 M385e | 100153185 | 30/01/2026 | 3a.Ed. | Ej.1 | 23/05/2017 | Libro | Spot Ciencias Naturales | DEWEY | Libro | Quinta de Mutis | Quinta de Mutis | 3er piso | 23/05/2017 | Compra | 61460.00 | 61460.00 | 15 |